000 00697cab a2200253 4500
001 ABS47934
008 090401t1993 xxu||||| |||| 00| 0 eng d
035 _a(Sirsi) u64111
041 _aeng
100 _aCrawford, P.
245 _aTying the knot
260 _c1993
350 _a0
490 _aEstates Gazette
_v(9302) 16 January 1993, 30-31 (2)
520 _aThe story of the Richard Ellis and Hepper Robinson merger is told here.
650 _aABOUT RICS-RICS MEMBERS
650 _aHEPPER ROBINSON
650 _aMERGERS
650 _aCBRE
650 _aSURVEYING FIRMS
690 _aMANAGEMENT-BUSINESS MANAGEMENT-PROFESSIONAL PRACTICE
942 _n0
948 _c04/03/1997
999 _c39911
_d39911